[Event "CZE-chT2F 2223"]
[Site "Czech Republic"]
[Date "2022.10.16"]
[Round "1"]
[White "Smilek, Petr"]
[Black "Palica, Jiri"]
[Result "1-0"]
[WhiteElo "1934"]
[BlackElo "1874"]
[PlyCount "37"]
[EventDate "2022.10.16"]
[EventType "team-tourn"]
[EventRounds "11"]
[EventCountry "CZE"]
[SourceTitle "EXT 2024"]
[Source "ChessBase"]
[SourceDate "2023.10.10"]
[SourceVersion "1"]
[SourceVersionDate "2023.10.10"]
[SourceQuality "1"]
[WhiteTeam "Vsetin"]
[BlackTeam "Zlin"]
[WhiteTeamCountry "CZE"]
[BlackTeamCountry "CZE"]

1. d4 g6 2. e4 Bg7 3. Nc3 d6 4. f4 Nd7 5. Nf3 e5 6. dxe5 dxe5 7. Bc4 f6 8. 0-0 Nb6 9. Qxd8+ Kxd8 10. Bb3 exf4 11. Bxf4 c6 12. e5 Ne7 13. Rad1+ Ke8 14. exf6 Bxf6 15. Ne4 Bxb2 16. Nd6+ Kf8 17. Be5 Bxe5 18. Nxe5+ Kg7 19. Rf7+ 1-0

[Event "CZE-chT2E 1819"]
[Site "Czech Republic"]
[Date "2019.01.27"]
[Round "7.8"]
[White "Palica, Jiri"]
[Black "Zajicek, Petr"]
[Result "0-1"]
[WhiteElo "1922"]
[BlackElo "2047"]
[PlyCount "66"]
[EventDate "2018.10.14"]
[EventType "team-tourn"]
[EventRounds "11"]
[EventCountry "CZE"]
[SourceTitle "EXT 2022"]
[Source "ChessBase"]
[SourceDate "2021.10.06"]
[SourceVersion "1"]
[SourceVersionDate "2021.10.06"]
[SourceQuality "1"]
[WhiteTeam "Zlin"]
[BlackTeam "Vsetin"]
[WhiteTeamCountry "CZE"]
[BlackTeamCountry "CZE"]

1. c4 e5 2. g3 Nc6 3. Bg2 Bc5 4. e3 d6 5. Nc3 Bf5 6. d3 Qd7 7. a3 a5 8. Nd5 Nge7 9. Ne2 Bg4 10. Bd2 0-0 11. h3 Bh5 12. g4 Bg6 13. e4 f5 14. f3 fxe4 15. dxe4 a4 16. Bb4 Ba7 17. Qd3 Kh8 18. 0-0-0 Nxd5 19. cxd5 Nxb4 20. axb4 Bb6 21. Kd2 Ra6 22. Ra1 Rfa8 23. Ra3 c5 24. dxc6 bxc6 25. Rc1 Qe7 26. Nc3 d5 27. Ke2 Qxb4 28. Nxd5 Qd6 29. Nxb6 Qxd3+ 30. Kxd3 Rxb6 31. Kc3 Bf7 32. Bf1 Bb3 33. Raa1 Ra5 0-1

[Event "CZE-chT2E 1819"]
[Site "Czech Republic"]
[Date "2019.01.13"]
[Round "6.8"]
[White "Chladek, Vaclav"]
[Black "Palica, Jiri"]
[Result "1/2-1/2"]
[WhiteElo "2032"]
[BlackElo "1922"]
[PlyCount "32"]
[EventDate "2018.10.14"]
[EventType "team-tourn"]
[EventRounds "11"]
[EventCountry "CZE"]
[SourceTitle "EXT 2022"]
[Source "ChessBase"]
[SourceDate "2021.10.06"]
[SourceVersion "1"]
[SourceVersionDate "2021.10.06"]
[SourceQuality "1"]
[WhiteTeam "Lipovec Garde"]
[BlackTeam "Zlin"]
[WhiteTeamCountry "CZE"]
[BlackTeamCountry "CZE"]

1. e4 c6 2. d4 d5 3. exd5 cxd5 4. Bd3 Nc6 5. c3 g6 6. Bf4 Bf5 7. Nf3 Bxd3 8. Qxd3 Bg7 9. 0-0 e6 10. Nbd2 Nf6 11. Ne5 Nxe5 12. Bxe5 0-0 13. Qb5 Qd7 14. Qxd7 Nxd7 15. Bxg7 Kxg7 16. Rfe1 b5 1/2-1/2

[Event "CZE-chT2E 1415"]
[Site "Czech Republic"]
[Date "2015.01.11"]
[Round "5.8"]
[White "Miculka, Petr"]
[Black "Palica, Jiri"]
[Result "1/2-1/2"]
[WhiteElo "2050"]
[BlackElo "2008"]
[PlyCount "62"]
[EventDate "2014.11.02"]
[EventType "team-tourn"]
[EventRounds "11"]
[EventCountry "CZE"]
[SourceTitle "EXT 2022"]
[Source "ChessBase"]
[SourceDate "2021.10.06"]
[SourceVersion "1"]
[SourceVersionDate "2021.10.06"]
[SourceQuality "1"]
[WhiteTeam "Brno Lokomotiva II"]
[BlackTeam "Zlin II"]
[WhiteTeamCountry "CZE"]
[BlackTeamCountry "CZE"]

1. e4 c6 2. d4 d5 3. Nd2 dxe4 4. Nxe4 Nd7 5. Ng5 Ngf6 6. Bd3 e6 7. Qe2 Nb6 8. N1f3 Be7 9. 0-0 0-0 10. Bf4 h6 11. Ne4 Nbd5 12. Be5 Ng4 13. Ng3 Nxe5 14. Qxe5 Bd6 15. Qe4 Nf6 16. Qe2 Bxg3 17. hxg3 b6 18. Rad1 Bb7 19. Ne5 Qc7 20. f4 c5 21. dxc5 Qxc5+ 22. Kh2 Rad8 23. g4 a5 24. Kg3 Rd5 25. c4 Rd4 26. Nf3 Rd6 27. Rh1 Rfd8 28. Ne5 Rd4 29. Nf3 R4d6 30. Ne5 Rd4 31. Nf3 R4d6 1/2-1/2